01101cam a2200253 a 450000100090000000300060000900500170001500800410003201000130007302000150008602000180010104000630011905000210018208200150020310000230021824500790024126000420032030000210036250400660038352002280044965000150067765000340069277601210072632625715OCoLC20181217134507.0950522s1995 nyu b 001 0 eng  a95020457 a068480767X a9780684807676 aDLCbengcDLCdUKMdNLGGCdBTCTAdYDXCPdSXCdOCLCOdOCLCF00aHB71b.P616 1995 a330bP643G1 aPilzer, Paul Zane.10aGod wants you to be rich :bthe theology of economics /cPaul Zane Pilzer. aNew York :bSimon & Schuster,cc1995. a282 p. ;c25 cm. aIncludes bibliographical references (p. [245]-265) and index. aThe author "shows how a society's wealth is determined not by the supply of physical resources, which are supposedly limited, but by human ingenuity, which constantly redefines what counts as a resource in the first place." 0aEconomics. 0aEconomicsxReligious aspects.08iOnline version:aPilzer, Paul Zane.tGod wants you to be rich.dNew York : Simon & Schuster, c1995w(OCoLC)777029331